00527nam a2200169Ia 450000500170000000800410001704000190005804100120007708200130008924500960010226000330019830000280023150400500025965000140030970000240032385000100034720230809112336.0131103s9999 xx 000 0 und d aLoreto College aEnglish a910bCOO aTrends in geographyb an introductory survey cEdited by Ronald U.Cooke and James H.Johnson aOxfordbPergamon Pressc1969 axi,287 p.b illus.,fig. aIncludes bibliographical references and index aGeography aCooke,Ronald U.,ed. aLCLIB